000 00381nam a2200109Ia 4500
008 220615s9999||||xx |||||||||||||| ||und||
245 0 _aSeventy Years of the International Law Commission
_bDrawing a Balance for the Future
546 _aEnglish[eng]
650 _aInternational law
856 _uhttps://library.oapen.org/bitstream/20.500.12657/48322/1/9789004434271.pdf
942 _cEB
999 _c17346
_d17346